000 005150000a22001930004500
001 004751
003 MACL
005 20151021104240.0
008 151021b xxu||||| |||| 00| 0 eng d
040 _aMACL
_cMACL
041 _aEnglish
082 _a954
100 _aAllchin, Raymond
_916055
245 _aOrigins Of A Civilization
_bThe Prehistory And Early ArchaeologyOf South Asia
_cRaymond Allchin
260 _aNew Delhi
_c1997
_bViking,
350 _a500
650 _aHistory
_916056
942 _k954
_cBK
_2ddc
999 _c16637
_d16637